| 000 | 00380cam a2200157ua 4500 | ||
|---|---|---|---|
| 041 |
_aeng _h |
||
| 082 |
_a828.09 _bBAL/SII |
||
| 100 | _aBaldi , Sergio . | ||
| 245 |
_aSir Thomas Wyatt / _cSergio Baldi. _hTextual Documents |
||
| 250 |
_a1 / _b. |
||
| 260 |
_aLondon : _bLongaman Green and Co , _c1961. |
||
| 300 | _a42 ; . | ||
| 504 | _a | ||
| 942 | _cBK | ||
| 999 |
_c2448 _d2448 |
||